Stolice Terytori zależnych - Statystyki

Ogólne statystyki
  • Ten quiz został rozwiązany 12 razy
  • Średni wynik to 21 z 48
Statystyki odpowiedzi
Hint Odpowiedź % Poprawnych
Gwadelupa Basse-Terre
80%
Gibraltar Gibraltar
80%
Gujana Francuska Kajenna
80%
Grenlandia Nuuk
80%
Reunion Saint-Denis
80%
Falklandy Stanley
80%
Curacao Willemstad
80%
Niue Alofi
60%
Guam Hagatna
60%
Bermudy Hamilton
60%
Wallis i Futuna Mata Utu
60%
Nowa Kaledonia Numea
60%
Aruba Oranjestad
60%
Sint Eustatius Oranjestad
60%
Polinezja Francuska Pappete
60%
Saint-Pierre i Miquelon Saint-Pierre
60%
Portoryko San Juan
60%
Anguilla The Valley
60%
Wyspy Owcze Thorshavn
60%
Pitcairn Adamstown
40%
Wyspy Cooka Avarua
40%
Mariany Północne Capitol Hill
40%
Wyspy Dziewicze Stanów Zjednoczonych Charlotte Amalie
40%
Turks i Caicos Cockburn Town
40%
Wyspa Man Douglas
40%
Wyspa Bożego Narodzenia Flying Fish Cove
40%
Martynika Fort-de-France
40%
Kajmany George Town
40%
Georgia Południowa i Sandwich Południowy King Edward Point
40%
Majotta Mamoudzou
40%
Montserrat Playmouth/Brades
40%
Brytyjskie Wyspy Dziewicze Road Town
40%
Jersey Saint Helier
40%
Guernsey Saint Peter Port
40%
Wyspy Kokosowe West Island
40%
Akrotiri Episkopi Cantonment
20%
Samoa Amerykańskie Fagatogo/Utulei
20%
Saint-Barthelemy Gustavia
20%
Wyspa Świętej Heleny, Wyspa Wniebowstąpienia i Tristan da Cunha Jamestown
20%
Norfolk Kingston
20%
Bonaire Kralendijk
20%
Svalbard Longyearbyen
20%
Saint-Martin Marigot
20%
Jan Mayen Olonkinbyen
20%
Sint Maarten Philipsburg
20%
Saba The Bottom
20%
Brytyjskie terytorium Oceanu Indyjskiego Camp Justice
0%
Dhakelia Dhakelia Cantonment
0%
Nie znaleziono quizów pasujących do podanych kryteriów
Rozkład punktacji
Procent ludzi z każdym wynikiem
Percentyl według liczby udzielonych odpowiedzi
Twoja historia wyników
Nie rozwiązałeś tego quizu